000 00508nam a2200193Ia 4500
003 GCL
008 140319s9999 xx 000 0 eng d
040 _aGCL /
_cGCL
082 0 4 _a730.92
_bM H
100 1 _aMICHINSOR, DAVID
245 1 0 _aHENRY MOORE /
_cMICHINSOR, DAVID
700 1 _aSTALLABRASS, JULIAN
260 _a[S.N] :
_bACADEMY EDITIONS ،
_c1991
300 _a128 P
650 0 4 _aحسن فتحى
650 0 4 _aMOORE, HENRY (1898 - 1986)
650 0 4 _aBRITISH - SCLUPTURE
942 _2ddc
_cBK
999 _c12248
_d12248